00399nam a2200169 a 450000100060000000300090000600800410001504000280005608200090008410000180009324500210011126000230013230000090015550500210016465000220018565000220020722985CO-ViMGA141112s2004 ck r 000 u spa d aCO-ViMGAbspacCO-ViMGA04aTORh1 aTorres, Marko10aYomby el zombi 2 aColombia : bNorma a28p. aYombi el zombi 214aCUENTOS CHILENOS 14aDIBUJOS ANIMADOS